Redistribution Through Public Employment : The Case of Italy /

This paper examines the regional distribution of public employment in Italy and documents two sets of facts. The first is the use of public employment as a subsidy from the North to the less wealthy South. We calculate that about half of the wage bill in the South of Italy can be identified as a sub...

Celý popis

Podrobná bibliografie
Hlavní autor: Danninger, Stephan
Další autoři: Alesina, Alberto, Rostagno, Massimo
Médium: Časopis
Jazyk:English
Vydáno: Washington, D.C. : International Monetary Fund, 1999.
Edice:IMF Working Papers; Working Paper ; No. 1999/177
On-line přístup:Full text available on IMF
LEADER 01857cas a2200265 a 4500
001 AALejournalIMF001099
008 230101c9999 xx r poo 0 0eng d
020 |c 5.00 USD 
020 |z 9781451858853 
022 |a 1018-5941 
040 |a BD-DhAAL  |c BD-DhAAL 
100 1 |a Danninger, Stephan. 
245 1 0 |a Redistribution Through Public Employment :   |b The Case of Italy /  |c Stephan Danninger, Alberto Alesina, Massimo Rostagno. 
264 1 |a Washington, D.C. :  |b International Monetary Fund,  |c 1999. 
300 |a 1 online resource (44 pages) 
490 1 |a IMF Working Papers 
500 |a <strong>Off-Campus Access:</strong> No User ID or Password Required 
500 |a <strong>On-Campus Access:</strong> No User ID or Password Required 
506 |a Electronic access restricted to authorized BRAC University faculty, staff and students 
520 3 |a This paper examines the regional distribution of public employment in Italy and documents two sets of facts. The first is the use of public employment as a subsidy from the North to the less wealthy South. We calculate that about half of the wage bill in the South of Italy can be identified as a subsidy, with both the size of public employment and wage levels used as a redistributive device. The second set of facts concerns the negative effects of subsidized public employment on individuals' attitudes toward job search, education, and 'risk-taking' activities. We conclude that heavy reliance on public employment distorts incentives and discourages the development of market activities in the South. 
538 |a Mode of access: Internet 
700 1 |a Alesina, Alberto. 
700 1 |a Rostagno, Massimo. 
830 0 |a IMF Working Papers; Working Paper ;  |v No. 1999/177 
856 4 0 |z Full text available on IMF  |u http://elibrary.imf.org/view/journals/001/1999/177/001.1999.issue-177-en.xml  |z IMF e-Library